Lý Quang Diệu, ông là ai ? /

সংরক্ষণ করুন:
গ্রন্থ-পঞ্জীর বিবরন
প্রধান লেখক: Trương Vĩnh Hòa
বিন্যাস: Sách giấy
ভাষা:Vietnamese
প্রকাশিত: Cà Mau : Mũi Cà Mau , 1997
ট্যাগগুলো: ট্যাগ যুক্ত করুন
কোনো ট্যাগ নেই, প্রথমজন হিসাবে ট্যাগ করুন!
Thư viện lưu trữ: Thư viện Trường Đại học Đà Lạt
LEADER 00586nam a2200253 4500
001 DLU020012931
005 ##6/2/2000
020 # # |a 978- 
041 # # |a vie 
082 # # |a 923.1  |b TR-H 
090 # # |a 923.1  |b TR-H 
100 # # |a Trương Vĩnh Hòa 
245 # # |a Lý Quang Diệu, ông là ai ? /  |c Trương Vĩnh Hòa 
260 # # |a Cà Mau :  |b Mũi Cà Mau ,  |c 1997 
300 # # |a 205 tr.;   |c 21 cm. 
992 # # |a 16000 
994 # # |a DLU 
900 # # |a False 
911 # # |a Administrator 
925 # # |a G 
926 # # |a A 
927 # # |a SH 
980 # # |a Thư viện Trường Đại học Đà Lạt